Excavations in the Valley of the Kings : Excavation Report for the Egyptian Mission north of Medinet Habu Season 01-09-2021 to 30-03-3022n / Volume VII
محفوظ في:
المؤلف الرئيسي:
التنسيق: كتاب
اللغة: English
منشور في:
Le Caire :
Institut Français d'Archéologie Orientale,
2025.
الموضوعات:
الوسوم: إضافة وسم
لا توجد وسوم, كن أول من يضع وسما على هذه التسجيلة!
رقم الطلب: On Hold
| LEADER | 00681nam a22001817a 4500 | ||
|---|---|---|---|
| 003 | OSt | ||
| 005 | 20260511102145.0 | ||
| 008 | 260511t2025 ua ao |||||||||| ||eng|| | ||
| 020 | |a 9782724711516 | ||
| 050 | 1 | 4 | |a On Hold |
| 100 | 1 | |a Zahi Hawass. |d Author | |
| 245 | 1 | 0 | |a Excavations in the Valley of the Kings : |b Excavation Report for the Egyptian Mission north of Medinet Habu Season 01-09-2021 to 30-03-3022n / |n Volume VII |
| 264 | 1 | |a Le Caire : |b Institut Français d'Archéologie Orientale, |c 2025. | |
| 300 | |a 128 Page : |c illustration ; |b 28 cm. | ||
| 650 | 0 | |a Excavations |x The Valley of the kings | |
| 650 | 0 | |a Excavations |x North of Medinet Habu | |
| 942 | |2 lcc |c BK | ||
| 999 | |c 62236 |d 62236 | ||
